000 01868nam a2200517 i 4500
001 30330
003 KOSZ 005
005 20210624085459.0
008 970510s1994 pl a f |000 0 pol
015 _aUWD 1994/8239
035 _a991000630339705066
035 _a(PL-WaBN)b10209517-48omnis_nlop
035 _ab10209517
035 _a(OCoLC)802030076
035 _a(PL)b0000001020951
035 _a(EXLNZ-48OMNIS_NETWORK)9910177810905606
040 _aWA N
_cWA N
_dWA N
_dKOSZ 005/HR
041 0 _apol
_beng
046 _k1994
080 _a778.1
080 _a528.9
080 _a519.6
100 1 _aChrobak, Tadeusz
_d(1941- )
_eAutor
245 1 0 _aMetody numeryczne w fotoreprodukcji kartograficznej /
_cTadeusz Chrobak.
246 3 1 _aNumerical methods in cartographic photo-reproduction
260 _aKraków :
_bWydawnictwa AGH,
_c1994.
300 _a59, [1] s. :
_brys., wykr. ;
_c24 cm.
336 _aTekst
_btxt
_2rdacontent
337 _aBez urządzenia pośredniczącego
_bn
_2rdamedia
338 _aWolumin
_bnc
_2rdacarrier
380 _aKsiążki
380 _aPublikacje naukowe
388 _a1901-2000
388 _a1989-2000
490 1 _aRozprawy, Monografie / [Akademia Górniczo-Hutnicza im. S. Staszica] =
_aDissertations, Monographies,
_x0867-6631 ;
_v7
500 _aTyt. równol. : Numerical methods in cartographic photo-reproduction.
504 _aBibliogr. s. 59-[60]. - Summ.
650 7 _aAnaliza numeryczna
_2DBN
650 7 _aKartografia
_2DBN
655 _aFotografia reprodukcyjna
658 _aGeografia i nauki o Ziemi
830 0 _aRozprawy, Monografie - Akademia Górniczo-Hutnicza im. Stanisława Staszica
_v7
856 _uhttp://koha.tu.koszalin.pl/cgi-bin/koha/opac-detail.pl?biblionumber=30330
_yKatalog online BPK
942 _2UKD
_cKS
999 _c30330
_d30330